Por conquista (Record no. 173864)

MARC details
000 -LEADER
campo de control de longitud fija 01478namaa22002651 4500
001 - NÚMERO DE CONTROL
campo de control 173864
003 - IDENTIFICADOR DE NÚMERO DE CONTROL
campo de control ES-MaACL
005 - FECHA Y HORA DE LA ÚLTIMA TRANSACCIÓN
campo de control 20250824090224.0
007 - CAMPO FIJO DE DESCRIPCIÓN FÍSICA--INFORMACIÓN GENERAL
campo de control de longitud fija t|
008 - DATOS DE LONGITUD FIJA--INFORMACIÓN GENERAL
campo de control de longitud fija 100127s1858 sp |r |||| | spa d
040 ## - FUENTE DE CATALOGACIÓN
Centro catalogador/agencia de origen SpMaBN
Lengua de catalogación spa
Centro/agencia transcriptor A2
Centro/agencia modificador SpMaBN
Normas de descripción rdc
080 ## - NÚMERO DE LA CLASIFICACIÓN DECIMAL UNIVERSAL
Número de la Clasificación Decimal Universal 78.089.1
100 0# - ENTRADA PRINCIPAL--NOMBRE DE PERSONA
Nombre de persona Camprodón, Francisco.
9 (RLIN) 34301
245 10 - MENCIÓN DEL TÍTULO
Título Por conquista
Resto del título : zarzuela en un acto y en verso /
Mención de responsabilidad, etc. arreglada a la escena española por Don Francisco Camprodón ; música del maestro Don Francisco Asenjo Barbieri.
260 ## - PUBLICACIÓN, DISTRIBUCIÓN, ETC.
Lugar de publicación, distribución, etc. Madrid :
Nombre del editor, distribuidor, etc. [s.n.],
Fecha de publicación, distribución, etc. 1858 (
Fabricante Imp. de José Rodríguez)
300 ## - DESCRIPCIÓN FÍSICA
Extensión 42 p., [1] h. ;
Dimensiones 20 cm.
490 1# - MENCIÓN DE SERIE
Mención de serie El teatro : colección de obras dramáticas y líricas
500 ## - NOTA GENERAL
Nota general Ded.: "Al Exmo. Sr. D. Juan Zabala, conde de Paredes de Nava, teniente general de los Ejércitos Nacionales, etc., etc..., F. Camprodón"
500 ## - NOTA GENERAL
Nota general En las páginas 2-4 de la cubierta: "Catálogo de las obras dramáticas y líricas de la galería El teatro; Zarzuelas; puntos de venta y comisionados principales: provincias, Madrid"
500 ## - NOTA GENERAL
Nota general Solo la letra.
700 1# - ENTRADA AGREGADA--NOMBRE PERSONAL
Nombre de persona Barbieri, Francisco A.,
Fechas asociadas al nombre 1823-1894
9 (RLIN) 25463
830 03 - PUNTO DE ACCESO ADICIONAL DE SERIE-TÍTULO UNIFORME
Título uniforme El teatro: colección de obras dramática y líricas
9 (RLIN) 221753
852 ## - LOCALIZACIÓN
Ubicación ES-MaACL
Número de control de estantería F-8623(2)
Nota libre .- Enc. pasta española
condición física .- Falto de la cub. original
Nota libre .- Enc. en un vol. facticio formando parte de la col. facticia "Teatro español moderno", vol. 78
-- .-- Firma ms. de Gustavo Saenz Diez, 1877
Holdings
Estatus retirado Estado de pérdida Estado de daño No para préstamo Colección Biblioteca de origen Biblioteca actual Ubicación en estantería Fecha de adquisición Fuente de adquisición Total de préstamos Signatura topográfica completa Código de barras Visto por última vez Precio de reemplazo Tipo de ítem Koha
        Libros del s. XIX Biblioteca del Ateneo de Madrid Biblioteca del Ateneo de Madrid Sala Pecera Planta 2 27/01/2010     F-8623(2) 1182496 23/02/2023 23/02/2023 Libro impreso antiguo